书目信息 |
| 题名: |
封锁日本
|
|
| 作者: | 森永 著 ;谷溪 译 | |
| 分册: | ||
| 出版信息: | 南京 江苏人民出版社 1981 |
|
| 页数: | 379页 | |
| 开本: | 19cm | |
| 丛书名: | ||
| 单 册: | ||
| 中图分类: | I313.4 , I313.45 | |
| 科图分类: | ||
| 主题词: | 小说--日本--现代 , 文学 | |
| 电子资源: | ||
| ISBN: | ||
| 000 | 00790nam0 2200277 45 | |
| 001 | 0181007837 | |
| 005 | 20060909160555.51 | |
| 010 | @dCNY0.91 | |
| 091 | @a10100.450 | |
| 100 | @a19950601d1981 em y0chiy0121 ea | |
| 101 | 1 | @achi@cjpn |
| 102 | @aCN@b320000 | |
| 105 | @ay z 000ay | |
| 200 | 10 | @a封锁日本@Afeng suo ri ben@e第三次世界大战推想小说@f(日)森永著@g谷溪译 |
| 210 | @a南京@c江苏人民出版社@d1981 | |
| 215 | @a379页@d19cm | |
| 517 | 1 | @a第三次世界大战推想小说@Adi san ci shi jie da zhan tui xiang xiao shuo |
| 606 | @a小说@y日本@z现代 | |
| 606 | 0 | @a文学 |
| 690 | @aI313.4 | |
| 690 | @aI313.45@v3 | |
| 701 | 0 | @a森永@Asen yong@4著 |
| 702 | 0 | @a谷溪@Agu xi@4译 |
| 801 | 2 | @aCN@bNLC@c20060909 |
| 801 | 0 | @aCN@b上海图书馆@c20040409 |
| 905 | @f1@b51257@dI313.4@e15 | |
| 封锁日本:第三次世界大战推想小说/(日)森永著/谷溪译.-南京:江苏人民出版社,1981 |
| 379页;19cm |
| ISBN :CNY0.91 |
| ● |
| 相关链接 |
|
|
|
|
正题名:封锁日本
索取号:I313.4/15
 
预约/预借
| 序号 | 登录号 | 条形码 | 馆藏地/架位号 | 状态 | 备注 |
| 1 | 0051253 | 000896944 | 密集书库/ [索取号:I313.4/15] | 在馆 | |
| 2 | 0051254 | 000897015 | 密集书库/ [索取号:I313.4/15] | 在馆 | |
| 3 | 0051256 | 000896980 | 密集书库/ [索取号:I313.4/15] | 在馆 | |
| 4 | 0051257 | 001653062 | 密集书库/ [索取号:I313.4/15] | 在馆 | |
| 5 | 0074599 | 000896766 | 第二借阅区/ [索取号:I313.4/15] | 在馆 | |
| 6 | 0074600 | 000896917 | 密集书库/ [索取号:I313.4/15] | 在馆 | |
| 7 | 0074601 | 000896971 | 密集书库/ [索取号:I313.4/15] | 在馆 | |
| 8 | 0074602 | 000896757 | 密集书库/ [索取号:I313.4/15] | 在馆 | |
| 9 | 0074603 | 000896935 | 第一样本阅览室/ [索取号:I313.4/15] | 在馆 | |
| 10 | 0474418 | 204744189 | 密集书库/ [索取号:I313.4/15] | 在馆 |